| 000 | 00555nam a2200205 a 4500 | ||
|---|---|---|---|
| 001 | 1281 | ||
| 005 | 20140414131922.0 | ||
| 008 | 041220s19uu xx 00 eng d | ||
| 020 | _a4-915249-81-6 | ||
| 050 |
_aER _bT41 1991 |
||
| 100 | _aHirata, Shogo | ||
| 245 |
_aThe three little pigs / _cShogo Hirata. |
||
| 260 |
_bJoie, _c1991. _aTokyo : |
||
| 300 | _a1 v. p. : ill. ; cm. | ||
| 440 | _aIllustrated Fantasy Book for Children, 13. | ||
| 650 |
_aPigs _xFiction. |
||
| 650 |
_aHouses _xFiction. |
||
| 650 | _aChildren stories. | ||
| 999 |
_c111803 _d111803 |
||